Normal view
MARC view
- Windows (Computer programs)
Entry Topical Term
001 - CONTROL NUMBER
- control field: 720
003 - CONTROL NUMBER IDENTIFIER
- control field: OSt
005 - DATE AND TIME OF LATEST TRANSACTION
- control field: 20170503110633.0
008 - FIXED-LENGTH DATA ELEMENTS
- fixed length control field: 170503|| aca||aabn | a|a d
040 ## - CATALOGING SOURCE
- Original cataloging agency: OSt
- Transcribing agency: OSt
150 ## - HEADING--TOPICAL TERM
- Topical term or geographic name entry element: Windows (Computer programs)
670 ## - SOURCE DATA FOUND
- Source citation: Work cat.: (OSt)0: Heflin, Dan 717, Windows web scripting developer's guide /, 2000

PORTAL AKMAL
E-MEL JKDM
AKMAL2U
G-BAM
u-PUSTAKA